[Event "2nd Serbia Open Masters 2022"]
[Site "Novi Sad"]
[Date "2022.07.05"]
[Round "8.22"]
[White "Mendonca, Leon Luke"]
[Black "Radovanovic, Nikola"]
[Result "1/2-1/2"]
[WhiteElo "2551"]
[BlackElo "2423"]
[Annotator "TA"]
[PlyCount "83"]
[EventDate "2022.06.28"]
[EventType "swiss"]
[EventCountry "SRB"]
[SourceTitle "playchess.com"]
[Source "ChessBase"]
[SourceQuality "1"]

1. Nf3 Nf6 2. c4 e6 3. b3 d5 4. Bb2 b6 5. e3 Bb7 6. Nc3 Nbd7 7. cxd5 exd5 8. Rc1 a6 9. Ne2 c5 10. Ng3 g6 11. Be2 Bg7 12. O-O O-O 13. d4 Re8 14. Rc2 Rc8 15. Qa1 Qe7 16. Rfc1 h5 17. a4 a5 18. Bb5 Bc6 19. Bxc6 Rxc6 20. h3 Rcc8 21. Ne2 Ne4 22. Nf4 Ndf6 23. Nd3 g5 24. dxc5 bxc5 25. Nd4 Bh8 26. Ne2 g4 27. hxg4 hxg4 28. Nc3 Kh7 29. Nf4 Rcd8 30. Nxe4 Nxe4 31. Rd1 g3 32. fxg3 Nxg3 33. Nxd5 Rxd5 34. Rxd5 Qxe3+ 35. Rf2 Ne2+ 36. Kf1 Ng3+ 37. Kg1 Ne2+ 38. Kf1 Ng3+ 39. Kg1 Ne2+ 40. Kf1 Bxb2 41. Qxb2 Nc3 42. Rd1 1/2-1/2

[Event "2nd Serbia Open Masters 2022"]
[Site "Novi Sad"]
[Date "2022.07.05"]
[Round "8.23"]
[White "Ivanisevic, Ivan"]
[Black "Salimova, Nurgyul"]
[Result "1-0"]
[WhiteElo "2550"]
[BlackElo "2418"]
[Annotator "TA"]
[PlyCount "141"]
[EventDate "2022.06.28"]
[EventType "swiss"]
[EventCountry "SRB"]
[SourceTitle "playchess.com"]
[Source "ChessBase"]
[SourceQuality "1"]

1. c4 e6 2. g3 d5 3. Bg2 Nf6 4. Nf3 d4 5. O-O c5 6. b4 cxb4 7. a3 Nc6 8. Bb2 bxa3 9. Nxa3 Bc5 10. d3 O-O 11. Nc2 e5 12. Ba3 Qe7 13. Bxc5 Qxc5 14. Nd2 Qe7 15. Qc1 Bg4 16. Qa3 Qe6 17. Rfe1 Bh3 18. Bh1 Bf5 19. Nb3 Ng4 20. h3 Nf6 21. Nc5 Qc8 22. Nb4 Nxb4 23. Qxb4 b6 24. Nb7 e4 25. Nd6 Qe6 26. Nb5 Rad8 27. Rxa7 Bxh3 28. Re7 Qg4 29. Bxe4 h5 30. Qd2 h4 31. Qf4 hxg3 32. Qxg3 Qh5 33. Bf3 Qh6 34. Ra1 Be6 35. Nc7 Bf5 36. Re5 Bc8 37. Kg2 g6 38. Nd5 Nxd5 39. Bxd5 Qg7 40. Qf4 Rde8 41. Rxe8 Rxe8 42. Ra7 Rf8 43. Ra8 Re8 44. Qc7 Qf6 45. Bxf7+ Qxf7 46. Rxc8 Qxc7 47. Rxc7 Rxe2 48. Rd7 b5 49. cxb5 Rb2 50. Rb7 Rb3 51. b6 Kf8 52. Kf3 Rxd3+ 53. Ke4 Rb3 54. Kxd4 Ke8 55. Kc5 Kd8 56. Rb8+ Kd7 57. Rg8 Rb2 58. f4 Rc2+ 59. Kb5 Rb2+ 60. Ka6 Ra2+ 61. Kb7 Ra4 62. Rg7+ Kd8 63. Rxg6 Rxf4 64. Rd6+ Ke7 65. Rd3 Rf1 66. Kb8 Rb1 67. b7 Ra1 68. Rd4 Ke6 69. Kc7 Rc1+ 70. Kb6 Rb1+ 71. Kc6 1-0

[Event "2nd Serbia Open Masters 2022"]
[Site "Novi Sad"]
[Date "2022.07.05"]
[Round "8.24"]
[White "Perunovic, Milos"]
[Black "Drnovsek, Gal"]
[Result "1-0"]
[WhiteElo "2544"]
[BlackElo "2398"]
[Annotator "TA"]
[PlyCount "53"]
[EventDate "2022.06.28"]
[EventType "swiss"]
[EventCountry "SRB"]
[SourceTitle "playchess.com"]
[Source "ChessBase"]
[SourceQuality "1"]

1. e4 c5 2. Nf3 d6 3. d4 cxd4 4. Nxd4 Nf6 5. Nc3 a6 6. Qd3 Nbd7 7. Be2 b5 8. Nd5 Bb7 9. a4 b4 10. Qc4 Nxd5 11. exd5 a5 12. O-O Rc8 13. Qb3 Rc5 14. Nc6 Bxc6 15. dxc6 Rxc6 16. Bb5 Rc7 17. Be3 Qb8 18. c3 e6 19. cxb4 axb4 20. Rfc1 Be7 21. Rxc7 Qxc7 22. Rc1 Qd8 23. Qxb4 O-O 24. a5 Nc5 25. Qa3 Qb8 26. Be2 e5 27. a6 1-0

[Event "2nd Serbia Open Masters 2022"]
[Site "Novi Sad"]
[Date "2022.07.05"]
[Round "8.25"]
[White "Assaubayeva, Bibisara"]
[Black "Ferreira, Jorge Viterbo"]
[Result "1/2-1/2"]
[WhiteElo "2439"]
[BlackElo "2512"]
[Annotator "TA"]
[PlyCount "46"]
[EventDate "2022.06.28"]
[EventType "swiss"]
[EventCountry "SRB"]
[SourceTitle "playchess.com"]
[Source "ChessBase"]
[SourceQuality "1"]

1. d4 Nf6 2. c4 g6 3. Nc3 Bg7 4. e4 d6 5. h3 O-O 6. Be3 e5 7. d5 Na6 8. g4 Nc5 9. f3 a5 10. h4 h5 11. g5 Nfd7 12. Nh3 Na6 13. Kf2 Ndc5 14. Kg1 Bh8 15. Rc1 Kh7 16. Rh2 f5 17. Nf2 Rf7 18. Nd3 b6 19. Be2 Bd7 20. Rg2 Kg8 21. Rb1 Qe7 22. Nf2 Raf8 23. Rh2 Kh7 1/2-1/2

[Event "2nd Serbia Open Masters 2022"]
[Site "Novi Sad"]
[Date "2022.07.05"]
[Round "8.26"]
[White "Srihari L R"]
[Black "Makhnev, Denis"]
[Result "1/2-1/2"]
[WhiteElo "2404"]
[BlackElo "2505"]
[Annotator "TA"]
[PlyCount "51"]
[EventDate "2022.06.28"]
[EventType "swiss"]
[EventCountry "SRB"]
[SourceTitle "playchess.com"]
[Source "ChessBase"]
[SourceQuality "1"]

1. d4 d5 2. c4 dxc4 3. Nf3 Nf6 4. e3 e6 5. Bxc4 c5 6. O-O a6 7. Be2 b6 8. Ne5 Bb7 9. Bf3 Qc7 10. b3 Nbd7 11. Bb2 Rd8 12. Qe2 cxd4 13. Bxb7 Qxb7 14. Nxd7 Nxd7 15. Bxd4 Be7 16. Nd2 Bf6 17. Nc4 O-O 18. Rfd1 b5 19. Nd6 Qb8 20. Rac1 Bxd4 21. Rxd4 Nf6 22. Qd1 Nd5 23. Nf5 Kh8 24. e4 Nf4 25. Nd6 Rxd6 26. Rxd6 1/2-1/2

[Event "2nd Serbia Open Masters 2022"]
[Site "Novi Sad"]
[Date "2022.07.05"]
[Round "8.27"]
[White "Greenfeld, Alon"]
[Black "Damjanovic, Vuk"]
[Result "1/2-1/2"]
[WhiteElo "2503"]
[BlackElo "2393"]
[Annotator "TA"]
[PlyCount "78"]
[EventDate "2022.06.28"]
[EventType "swiss"]
[EventCountry "SRB"]
[SourceTitle "playchess.com"]
[Source "ChessBase"]
[SourceQuality "1"]

1. d4 Nf6 2. Nf3 c5 3. d5 b5 4. Bg5 g6 5. Bxf6 exf6 6. e4 b4 7. Nbd2 Bg7 8. Nc4 d6 9. Bd3 O-O 10. O-O Qc7 11. a3 a5 12. Qd2 Nd7 13. axb4 cxb4 14. Nd4 f5 15. Nb5 Qc5 16. Nxa5 Ba6 17. Nb3 Qb6 18. N5d4 Bxd4 19. Rxa6 Rxa6 20. Bxa6 Bxb2 21. Bd3 fxe4 22. Bxe4 Bc3 23. Qf4 Re8 24. Rd1 Kg7 25. h3 Re5 26. Bf3 Rf5 27. Qe3 Qxe3 28. fxe3 Re5 29. Kf2 Re8 30. Nd4 Bxd4 31. Rxd4 Rb8 32. Ke1 Nc5 33. Bd1 Rb7 34. g4 Kf6 35. h4 h6 36. Rf4+ Ke5 37. Kd2 f5 38. h5 Ne4+ 39. Kd3 Nc5+ 1/2-1/2

[Event "2nd Serbia Open Masters 2022"]
[Site "Novi Sad"]
[Date "2022.07.05"]
[Round "8.28"]
[White "Fernandez, Daniel Howard"]
[Black "Erdogmus, Yagiz Kaan"]
[Result "0-1"]
[WhiteElo "2503"]
[BlackElo "2383"]
[Annotator "TA"]
[PlyCount "60"]
[EventDate "2022.06.28"]
[EventType "swiss"]
[EventCountry "SRB"]
[SourceTitle "playchess.com"]
[Source "ChessBase"]
[SourceQuality "1"]

1. b3 c5 2. Bb2 Nc6 3. Nf3 d6 4. d4 cxd4 5. Nxd4 e5 6. Nxc6 bxc6 7. g3 Nf6 8. Bg2 Qc7 9. c4 Be7 10. Nc3 O-O 11. O-O Be6 12. Rc1 Qd7 13. Qd3 Rad8 14. e4 a5 15. Na4 Qa7 16. Rfe1 Ng4 17. c5 dxc5 18. Qe2 c4 19. h3 Bg5 20. hxg4 Rd2 21. Qf1 cxb3 22. Ba3 Rxa2 23. Bc5 Qb8 24. Ra1 Rd8 25. Nb6 Rc2 26. Rxa5 Bd2 27. Ra8 Qxa8 28. Nxa8 Bc4 29. Re2 Bxe2 30. Qxe2 b2 0-1

[Event "2nd Serbia Open Masters 2022"]
[Site "Novi Sad"]
[Date "2022.07.05"]
[Round "8.29"]
[White "Muthaiah AL"]
[Black "Song, Raymond"]
[Result "1/2-1/2"]
[WhiteElo "2401"]
[BlackElo "2485"]
[Annotator "TA"]
[PlyCount "78"]
[EventDate "2022.06.28"]
[EventType "swiss"]
[EventCountry "SRB"]
[SourceTitle "playchess.com"]
[Source "ChessBase"]
[SourceQuality "1"]

1. d4 Nf6 2. c4 e6 3. Nf3 d5 4. Nc3 Bb4 5. cxd5 exd5 6. Bg5 h6 7. Bh4 O-O 8. e3 Bf5 9. Be2 Nbd7 10. Qb3 Bxc3+ 11. Qxc3 g5 12. Bg3 Ne4 13. Qb3 Ndf6 14. Be5 Ng4 15. O-O Nxe5 16. dxe5 c5 17. Rfd1 Be6 18. Nd2 Qc7 19. Nxe4 dxe4 20. Qc3 Rad8 21. a3 b6 22. h3 Rxd1+ 23. Rxd1 Rd8 24. Rxd8+ Qxd8 25. Bc4 Bxc4 26. Qxc4 Qd3 27. Qxd3 exd3 28. Kf1 f6 29. exf6 Kf7 30. g4 Kxf6 31. f4 c4 32. a4 a6 33. Ke1 b5 34. axb5 axb5 35. Kd2 Ke6 36. f5+ Kd5 37. e4+ Ke5 38. Ke3 Kf6 39. Kd2 Ke5 1/2-1/2

[Event "2nd Serbia Open Masters 2022"]
[Site "Novi Sad"]
[Date "2022.07.05"]
[Round "8.30"]
[White "Tania, Sachdev"]
[Black "Pranav Vijay"]
[Result "1/2-1/2"]
[WhiteElo "2399"]
[BlackElo "2265"]
[Annotator "TA"]
[PlyCount "86"]
[EventDate "2022.06.28"]
[EventType "swiss"]
[EventCountry "SRB"]
[SourceTitle "playchess.com"]
[Source "ChessBase"]
[SourceQuality "1"]

1. d4 Nf6 2. c4 e6 3. Nf3 Bb4+ 4. Bd2 a5 5. g3 b6 6. Bg2 Bb7 7. O-O O-O 8. Bf4 Re8 9. a3 Bf8 10. Nc3 d6 11. Qc2 Nbd7 12. Rfd1 Qe7 13. b3 h6 14. h3 c6 15. e4 e5 16. Be3 exd4 17. Nxd4 g6 18. Re1 Bg7 19. Rad1 Qf8 20. f4 Nc5 21. b4 axb4 22. axb4 Na6 23. b5 Nb4 24. Qb3 c5 25. Nc6 Bxc6 26. bxc6 Nxc6 27. e5 Na5 28. Qb5 dxe5 29. fxe5 Rxe5 30. Bxa8 Qxa8 31. Bf4 Rxe1+ 32. Rxe1 Kh7 33. Qxb6 Nh5 34. Qc7 Qf3 35. Ne4 f5 36. Nd2 Qc3 37. Re7 Nxc4 38. Nxc4 Qxc4 39. Be5 Qc1+ 40. Kf2 Qd2+ 41. Kg1 Qe1+ 42. Kg2 Qe2+ 43. Kg1 Qe1+ 1/2-1/2

[Event "2nd Serbia Open Masters 2022"]
[Site "Novi Sad"]
[Date "2022.07.05"]
[Round "8.31"]
[White "Raja Harshit"]
[Black "Harshavardhan G B"]
[Result "0-1"]
[WhiteElo "2479"]
[BlackElo "2367"]
[Annotator "TA"]
[PlyCount "68"]
[EventDate "2022.06.28"]
[EventType "swiss"]
[EventCountry "SRB"]
[SourceTitle "playchess.com"]
[Source "ChessBase"]
[SourceQuality "1"]

1. d4 Nf6 2. c4 e6 3. Nf3 b6 4. g3 Ba6 5. Qc2 c5 6. Bg2 Bb7 7. O-O cxd4 8. Nxd4 Bxg2 9. Kxg2 Qc8 10. Rd1 Be7 11. f3 O-O 12. Bf4 d5 13. Nd2 Nbd7 14. Rac1 Qb7 15. cxd5 Rfc8 16. Nc6 Nxd5 17. Nxe7+ Nxe7 18. Qe4 Nd5 19. Nc4 Qa6 20. Na3 N7f6 21. Qe5 b5 22. e4 Nxf4+ 23. gxf4 Rxc1 24. Rxc1 b4 25. Nc4 Rc8 26. Qd4 h6 27. Kh3 Qxa2 28. f5 exf5 29. e5 Nh7 30. Qd3 Ng5+ 31. Kg3 Ne6 32. f4 g6 33. Rc2 Qb1 34. Kf2 b3 0-1

[Event "2nd Serbia Open Masters 2022"]
[Site "Novi Sad"]
[Date "2022.07.05"]
[Round "8.32"]
[White "Chanda, Sandipan"]
[Black "Fataliyeva, Ulviyya"]
[Result "1-0"]
[WhiteElo "2467"]
[BlackElo "2348"]
[Annotator "TA"]
[PlyCount "185"]
[EventDate "2022.06.28"]
[EventType "swiss"]
[EventCountry "SRB"]
[SourceTitle "playchess.com"]
[Source "ChessBase"]
[SourceQuality "1"]

1. d4 d5 2. Nf3 e6 3. Bf4 Bd6 4. e3 Bxf4 5. exf4 Ne7 6. Nc3 b6 7. Qd2 O-O 8. h4 c5 9. h5 Nf5 10. Bd3 Nxd4 11. Nxd4 cxd4 12. Ne2 Nc6 13. h6 g6 14. Bb5 Qc7 15. Bxc6 Qxc6 16. Nxd4 Qc4 17. b3 Qc5 18. O-O Re8 19. Rfe1 Bd7 20. Nf3 f6 21. c4 Rad8 22. cxd5 exd5 23. Rxe8+ Bxe8 24. Rc1 Qd6 25. f5 gxf5 26. Nd4 Bd7 27. Re1 Kf8 28. Qd3 Qf4 29. Qe2 Qd6 30. Qf3 Re8 31. Rxe8+ Kxe8 32. Nxf5 Qe5 33. Ne3 Be6 34. Nc2 Bf5 35. Ne3 Be6 36. Qd1 Qg5 37. Qc2 Qxh6 38. Qc6+ Kf7 39. Qc7+ Kg6 40. Qxa7 d4 41. Qxb6 dxe3 42. Qxe6 exf2+ 43. Kxf2 Qd2+ 44. Qe2 Qd4+ 45. Kf3 Kg7 46. Qe7+ Kg8 47. Qe6+ Kf8 48. Qc8+ Ke7 49. Qc7+ Ke8 50. Qc4 Qa1 51. Qg8+ Ke7 52. Qxh7+ Kf8 53. Qh6+ Kf7 54. Qd2 Qb1 55. Ke3 Qg1+ 56. Kd3 Qf1+ 57. Kc3 Qa1+ 58. Kc4 Qf1+ 59. Kb4 Qa6 60. a4 Qb6+ 61. Ka3 Qc5+ 62. b4 Qg1 63. a5 Kg7 64. Kb2 Qf1 65. Kc3 Qb5 66. Kb3 Qf1 67. Qc2 Kh6 68. Ka4 Kg7 69. Qc6 Kh6 70. a6 Qa1+ 71. Kb5 Qe5+ 72. Kb6 Qd4+ 73. Qc5 Qd8+ 74. Kb5 Qd7+ 75. Kb6 Qd8+ 76. Qc7 Qd4+ 77. Ka5 Qd5+ 78. b5 Qxg2 79. a7 Qa2+ 80. Kb6 Qe6+ 81. Kb7 Qe4+ 82. Ka6 Qa4+ 83. Qa5 Qe4 84. Qd2+ Kh5 85. Qd8 Qe6+ 86. Ka5 Qa2+ 87. Kb6 Qf2+ 88. Kb7 Qg2+ 89. Kb8 Qg3+ 90. Qc7 Qg8+ 91. Kb7 Qg2+ 92. Qc6 Qg7+ 93. Ka6 1-0

[Event "2nd Serbia Open Masters 2022"]
[Site "Novi Sad"]
[Date "2022.07.05"]
[Round "8.33"]
[White "Badelka, Olga"]
[Black "Makridis, Dimitrios"]
[Result "1/2-1/2"]
[WhiteElo "2453"]
[BlackElo "2082"]
[Annotator "TA"]
[PlyCount "86"]
[EventDate "2022.06.28"]
[EventType "swiss"]
[EventCountry "SRB"]
[SourceTitle "playchess.com"]
[Source "ChessBase"]
[SourceQuality "1"]

1. e4 c5 2. Nf3 Nf6 3. e5 Nd5 4. Nc3 e6 5. Ne4 Nc6 6. c4 f5 7. Nxc5 Bxc5 8. cxd5 Nd4 9. Be2 Nxf3+ 10. Bxf3 Bd4 11. O-O Bxe5 12. d4 Bd6 13. Qb3 O-O 14. Be3 Kh8 15. Rfe1 Qf6 16. Rad1 Rb8 17. dxe6 dxe6 18. d5 e5 19. Bxa7 Ra8 20. Be3 e4 21. Be2 f4 22. Bd4 Qh6 23. f3 e3 24. Bd3 Qg5 25. Re2 Be5 26. Bxe5 Qxe5 27. g3 Bd7 28. gxf4 Qxf4 29. Qb6 Rae8 30. Rg2 Qxf3 31. Be2 Qf7 32. Qd4 Bh3 33. Rg3 Qf2+ 34. Kh1 Rf7 35. Rxh3 Qxe2 36. Rg1 Qf2 37. Qd3 h6 38. Qg6 Qxg1+ 39. Kxg1 e2 40. Qxf7 e1=Q+ 41. Qf1 Qa5 42. Rxh6+ gxh6 43. Qf6+ Kg8 1/2-1/2

[Event "2nd Serbia Open Masters 2022"]
[Site "Novi Sad"]
[Date "2022.07.05"]
[Round "8.34"]
[White "Spyropoulos, Nikolaos"]
[Black "Souhardo Basak"]
[Result "1/2-1/2"]
[WhiteElo "2445"]
[BlackElo "2357"]
[Annotator "TA"]
[PlyCount "80"]
[EventDate "2022.06.28"]
[EventType "swiss"]
[EventCountry "SRB"]
[SourceTitle "playchess.com"]
[Source "ChessBase"]
[SourceQuality "1"]

1. d4 Nf6 2. Nf3 e6 3. Bg5 h6 4. Bh4 b6 5. Nbd2 Bb7 6. e3 Be7 7. c3 d6 8. h3 Nbd7 9. Bd3 Nh5 10. Bxe7 Qxe7 11. Qe2 a5 12. O-O-O Nhf6 13. Kb1 d5 14. g4 Ne4 15. h4 O-O-O 16. Bb5 Nd6 17. Ba6 e5 18. dxe5 Nxe5 19. Nxe5 Qxe5 20. Nf3 Qe4+ 21. Ka1 Kb8 22. Bxb7 Kxb7 23. Rd4 Qe6 24. Rhd1 c6 25. Nd2 c5 26. Rd3 Rd7 27. Qf3 Rhd8 28. Rxd5 Ka7 29. Nb1 Nc4 30. Rxd7+ Rxd7 31. Rxd7+ Qxd7 32. Qf4 b5 33. e4 f6 34. g5 Kb7 35. Qf3 fxg5 36. hxg5 hxg5 37. b3 Ne5 38. Qe3 Qe7 39. Nd2 g4 40. Kb1 Qd6 1/2-1/2

[Event "2nd Serbia Open Masters 2022"]
[Site "Novi Sad"]
[Date "2022.07.05"]
[Round "8.35"]
[White "Aizenberg, Benny"]
[Black "Shyaamnikhil P"]
[Result "1/2-1/2"]
[WhiteElo "2370"]
[BlackElo "2443"]
[Annotator "TA"]
[PlyCount "69"]
[EventDate "2022.06.28"]
[EventType "swiss"]
[EventCountry "SRB"]
[SourceTitle "playchess.com"]
[Source "ChessBase"]
[SourceQuality "1"]

1. e4 c5 2. Nf3 a6 3. c4 e6 4. Nc3 Qc7 5. Be2 b6 6. O-O Bb7 7. d4 cxd4 8. Nxd4 Nf6 9. f3 d6 10. Be3 Nbd7 11. Rc1 Rc8 12. b4 Qb8 13. Nb3 Be7 14. Na4 Bd8 15. c5 b5 16. Nc3 Be7 17. a4 dxc5 18. bxc5 Bc6 19. Na5 O-O 20. Nxc6 Rxc6 21. axb5 axb5 22. Bxb5 Bxc5 23. Bxc5 Rxc5 24. Bxd7 Rd8 25. Qd4 Nxd7 26. Rfd1 Rcc8 27. Rb1 Qe5 28. Rb7 Qxd4+ 29. Rxd4 Rxc3 30. Rdxd7 Rf8 31. h4 h5 32. Kf2 g6 33. Kg3 Rc2 34. Re7 Rd2 35. Ra7 1/2-1/2

[Event "2nd Serbia Open Masters 2022"]
[Site "Novi Sad"]
[Date "2022.07.05"]
[Round "8.36"]
[White "Rohith Krishna S"]
[Black "Vaishali R"]
[Result "0-1"]
[WhiteElo "2337"]
[BlackElo "2409"]
[Annotator "TA"]
[PlyCount "110"]
[EventDate "2022.06.28"]
[EventType "swiss"]
[EventCountry "SRB"]
[SourceTitle "playchess.com"]
[Source "ChessBase"]
[SourceQuality "1"]

1. Nf3 Nf6 2. g3 g6 3. Bg2 Bg7 4. O-O c5 5. c4 Nc6 6. d4 cxd4 7. Nxd4 h5 8. h4 Ng4 9. Nf3 d6 10. Nbd2 O-O 11. Rb1 Bf5 12. e4 Bd7 13. b3 Qb6 14. Bb2 a5 15. Bxg7 Kxg7 16. Qc1 e5 17. Rb2 Qc5 18. Nb1 a4 19. Nc3 axb3 20. axb3 Nb4 21. Qd2 Bc6 22. Rd1 Rfd8 23. Bh3 Nf6 24. Ng5 Bd7 25. Bxd7 Rxd7 26. Qe2 Ng4 27. Nb5 Nc6 28. Rbd2 Qb4 29. Qd3 Kg8 30. Kg2 Qc5 31. Qf3 f6 32. Ne6 Qb4 33. Nec7 Rf8 34. Nd5 Qa5 35. Qe2 f5 36. f3 f4 37. Rf1 fxg3 38. Kxg3 Nf6 39. Kh3 Kh7 40. Ne3 Qd8 41. Qg2 Qb6 42. Qg5 Nd4 43. Rg1 Nxf3 44. Qxg6+ Kh8 45. Qh6+ Nh7 46. Rgg2 Rf6 47. Qxh5 Qxe3 48. Qe8+ Rf8 49. Qxd7 Nfg5+ 50. Kh2 Qf4+ 51. Kg1 Qf1+ 52. Kh2 Nf3+ 53. Kg3 Rg8+ 54. Kh3 Qh1+ 55. Rh2 Ng1# 0-1

[Event "2nd Serbia Open Masters 2022"]
[Site "Novi Sad"]
[Date "2022.07.05"]
[Round "8.37"]
[White "Sharma Isha"]
[Black "Samadov, Read"]
[Result "0-1"]
[WhiteElo "2207"]
[BlackElo "2442"]
[Annotator "TA"]
[PlyCount "52"]
[EventDate "2022.06.28"]
[EventType "swiss"]
[EventCountry "SRB"]
[SourceTitle "playchess.com"]
[Source "ChessBase"]
[SourceQuality "1"]

1. e4 c5 2. Nf3 d6 3. d4 cxd4 4. Nxd4 Nf6 5. Nc3 a6 6. Bg5 Nbd7 7. f4 Qc7 8. Qf3 b5 9. O-O-O Bb7 10. Bd3 g6 11. Rhe1 Bg7 12. Qh3 O-O 13. e5 dxe5 14. Nf5 Rfe8 15. Nxg7 Kxg7 16. f5 Nf8 17. g4 b4 18. fxg6 fxg6 19. Ne4 Bxe4 20. Rxe4 Nxe4 21. Bxe4 Rad8 22. Bd5 Ne6 23. Bh6+ Kh8 24. Qf3 Nf4 25. Qe4 Qd6 26. c4 e6 0-1

[Event "2nd Serbia Open Masters 2022"]
[Site "Novi Sad"]
[Date "2022.07.05"]
[Round "8.38"]
[White "Manish Anto Cristiano F"]
[Black "Urazayev, Arystanbek"]
[Result "0-1"]
[WhiteElo "2071"]
[BlackElo "2445"]
[Annotator "TA"]
[PlyCount "104"]
[EventDate "2022.06.28"]
[EventType "swiss"]
[EventCountry "SRB"]
[SourceTitle "playchess.com"]
[Source "ChessBase"]
[SourceQuality "1"]

1. e4 e5 2. Nf3 Nc6 3. Bb5 a6 4. Ba4 Nf6 5. O-O Bc5 6. c3 b5 7. Bc2 d5 8. d4 dxe4 9. dxe5 Qxd1 10. Rxd1 exf3 11. exf6 gxf6 12. Be4 Bd7 13. a4 Rd8 14. axb5 axb5 15. Bxf3 Ne5 16. Be2 Ke7 17. Re1 Rhg8 18. Bf4 Bc6 19. Bf1 Ke6 20. b4 Bb6 21. Na3 Kf5 22. Bg3 h5 23. Rad1 Rxd1 24. Rxd1 h4 25. Bxe5 fxe5 26. h3 Ra8 27. Bxb5 Bxb5 28. Nxb5 Ra2 29. c4 Bxf2+ 30. Kf1 c6 31. Nc3 Rc2 32. b5 Rxc3 33. Kxf2 Rxc4 34. bxc6 Rxc6 35. Rd7 Rc2+ 36. Kf3 Rc3+ 37. Kf2 Kg6 38. Re7 Rc5 39. Re8 f5 40. g4 hxg3+ 41. Kxg3 Rc3+ 42. Kg2 e4 43. h4 Kh5 44. Rh8+ Kg4 45. h5 Rc2+ 46. Kg1 Kf3 47. h6 f4 48. Rg8 Rc1+ 49. Kh2 Rc6 50. Rh8 e3 51. h7 Rh6+ 52. Kg1 e2 0-1

[Event "2nd Serbia Open Masters 2022"]
[Site "Novi Sad"]
[Date "2022.07.05"]
[Round "8.39"]
[White "Nikolovski, Nikola"]
[Black "Santiago, Yago De Moura"]
[Result "1/2-1/2"]
[WhiteElo "2372"]
[BlackElo "2498"]
[Annotator "TA"]
[PlyCount "95"]
[EventDate "2022.06.28"]
[EventType "swiss"]
[EventCountry "SRB"]
[SourceTitle "playchess.com"]
[Source "ChessBase"]
[SourceQuality "1"]

1. e4 c6 2. d4 d5 3. exd5 cxd5 4. Bd3 Nc6 5. c3 e6 6. f4 Bd6 7. Nf3 Nge7 8. O-O f6 9. Qc2 g6 10. a4 O-O 11. Qe2 Qc7 12. Na3 a6 13. g3 Nf5 14. Nc2 Bd7 15. Ne3 Rfe8 16. Qg2 Kh8 17. Ng4 Rf8 18. Nf2 Ng7 19. Bc2 Qb6 20. Kh1 Na5 21. Nd3 Nb3 22. Ra2 Nxc1 23. Rxc1 Qc7 24. Raa1 Rac8 25. Bd1 a5 26. Bc2 b5 27. Nd2 Nf5 28. axb5 Bxb5 29. Nb3 Qb6 30. Qd2 Ra8 31. Re1 Rfe8 32. Kg2 Bxd3 33. Qxd3 a4 34. Nd2 Re7 35. Bxa4 Rea7 36. b3 Bf8 37. Re2 Ng7 38. Rd1 Rc8 39. Nf3 Qa5 40. Rc1 Rac7 41. Qd2 Nf5 42. Rxe6 Rxc3 43. Rxc3 Rxc3 44. Rc6 Bb4 45. Rxc3 Bxc3 46. Qd3 Qb4 47. Qb5 Qxb5 48. Bxb5 1/2-1/2

[Event "2nd Serbia Open Masters 2022"]
[Site "Novi Sad"]
[Date "2022.07.05"]
[Round "8.40"]
[White "Anuj Shrivatri"]
[Black "Kovacevic, Aleksandar"]
[Result "1/2-1/2"]
[WhiteElo "2356"]
[BlackElo "2503"]
[Annotator "TA"]
[PlyCount "101"]
[EventDate "2022.06.28"]
[EventType "swiss"]
[EventCountry "SRB"]
[SourceTitle "playchess.com"]
[Source "ChessBase"]
[SourceQuality "1"]

1. d4 Nf6 2. c4 e6 3. Nf3 d5 4. Nc3 Nbd7 5. cxd5 exd5 6. Bg5 c6 7. e3 Be7 8. Bd3 O-O 9. Qc2 Re8 10. O-O Nf8 11. h3 g6 12. Rab1 a5 13. Bf4 Ne6 14. Be5 Ng7 15. a3 Bf5 16. b4 Bxd3 17. Qxd3 axb4 18. axb4 Ra3 19. Qc2 b5 20. Ne2 Qa8 21. Rfc1 Ra6 22. Bxf6 Bxf6 23. Qc3 Re7 24. Nf4 Nf5 25. Ra1 Rea7 26. Rxa6 Rxa6 27. Ne5 Ne7 28. Kh2 Qa7 29. Nfd3 Bxe5+ 30. Nxe5 f6 31. Nd3 Ra2 32. Rc2 Ra3 33. Qd2 Kf7 34. g3 Ra1 35. Rc1 Qa2 36. Qc3 Rxc1 37. Qxc1 Qe2 38. Qc3 g5 39. Kg1 h5 40. Nc5 Nf5 41. Qa1 h4 42. Qb1 Qf3 43. g4 Ng7 44. Qf1 Ne6 45. Nxe6 Kxe6 46. Qc1 Kd7 47. Qc2 Qxh3 48. Qf5+ Kc7 49. Qh7+ Kd6 50. Qf5 Kc7 51. Qh7+ 1/2-1/2

[Event "2nd Serbia Open Masters 2022"]
[Site "Novi Sad"]
[Date "2022.07.05"]
[Round "8.41"]
[White "Levin, Guy"]
[Black "Bronstein, Or"]
[Result "0-1"]
[WhiteElo "2354"]
[BlackElo "2492"]
[Annotator "TA"]
[PlyCount "98"]
[EventDate "2022.06.28"]
[EventType "swiss"]
[EventCountry "SRB"]
[SourceTitle "playchess.com"]
[Source "ChessBase"]
[SourceQuality "1"]

1. e4 c5 2. Nf3 d6 3. d4 cxd4 4. Nxd4 Nf6 5. Bb5+ Nbd7 6. O-O a6 7. Bd3 Nc5 8. Re1 e5 9. Nf3 Be6 10. c4 Rc8 11. b3 Be7 12. Nc3 Qa5 13. Bb2 O-O 14. Bf1 b5 15. Nd5 Nxd5 16. exd5 Bg4 17. h3 Bh5 18. cxb5 axb5 19. Qd2 Qa7 20. Bxb5 f5 21. Ng5 Rf6 22. Be2 Be8 23. Bc4 Rg6 24. Nf3 Bd8 25. Bd4 Bb6 26. Bxc5 Bxc5 27. Rac1 Rb8 28. Re2 Rf6 29. Kf1 Bh5 30. Qg5 Bf7 31. Ne1 h6 32. Qd2 e4 33. Nc2 Bh5 34. Ree1 Qxa2 35. Qc3 Qa7 36. Ra1 Qe7 37. b4 Bb6 38. Ra6 Rff8 39. Bb5 f4 40. Bc6 Bg6 41. Nd4 Qf6 42. Nb5 Qh4 43. Rxb6 Rxb6 44. Ra1 e3 45. Ra2 f3 46. Qxe3 Qc4+ 47. Kg1 Qxa2 48. Qxb6 Qa1+ 49. Kh2 fxg2 0-1

[Event "2nd Serbia Open Masters 2022"]
[Site "Novi Sad"]
[Date "2022.07.05"]
[Round "8.43"]
[White "Ibadov, Dashgyn"]
[Black "Suleymenov, Alisher"]
[Result "1-0"]
[WhiteElo "2266"]
[BlackElo "2445"]
[Annotator "TA"]
[PlyCount "99"]
[EventDate "2022.06.28"]
[EventType "swiss"]
[EventCountry "SRB"]
[SourceTitle "playchess.com"]
[Source "ChessBase"]
[SourceQuality "1"]

1. d4 Nf6 2. Nf3 g6 3. Bf4 Bg7 4. Nc3 d5 5. Nb5 Na6 6. e3 O-O 7. h3 b6 8. a4 Bb7 9. Be2 c6 10. Nc3 Nd7 11. O-O Re8 12. a5 b5 13. e4 dxe4 14. Nxe4 c5 15. Nxc5 Naxc5 16. dxc5 a6 17. c4 bxc4 18. Bxc4 Nxc5 19. Ne5 e6 20. Qe2 Rc8 21. Rfd1 Qh4 22. Rd4 g5 23. Be3 Be4 24. Ng4 f5 25. Bxa6 fxg4 26. Bxc8 Rxc8 27. g3 Bf3 28. gxh4 Bxe2 29. Rc1 gxh3 30. Rxc5 Rxc5 31. Rd8+ Kf7 32. Bxc5 Be5 33. Rf8+ Kg7 34. hxg5 Bxb2 35. Kh2 Bf1 36. f4 Bc3 37. Ra8 Bg2 38. Ra6 Bd2 39. Bd6 Kg6 40. Ra7 Be1 41. a6 Bf2 42. Rc7 Kf5 43. Bc5 Be1 44. Rxh7 e5 45. Rxh3 Bc6 46. fxe5 Bd2 47. Be3 Bc3 48. a7 Kg4 49. Rg3+ Kh4 50. Bf4 1-0

[Event "2nd Serbia Open Masters 2022"]
[Site "Novi Sad"]
[Date "2022.07.05"]
[Round "8.44"]
[White "Rozen, Eytan"]
[Black "Roebers, Eline"]
[Result "1-0"]
[WhiteElo "2425"]
[BlackElo "2369"]
[Annotator "TA"]
[PlyCount "59"]
[EventDate "2022.06.28"]
[EventType "swiss"]
[EventCountry "SRB"]
[SourceTitle "playchess.com"]
[Source "ChessBase"]
[SourceQuality "1"]

1. f4 e5 2. e4 exf4 3. d4 Qh4+ 4. Ke2 d5 5. exd5 Nf6 6. Nf3 Bg4 7. c4 Bd6 8. Qe1 Qh5 9. Kd1+ Kd8 10. Nc3 Re8 11. Qf2 g5 12. c5 Bf8 13. Bd3 Bd7 14. Kc2 Ng4 15. Qf1 Na6 16. a3 Nxc5 17. dxc5 Bxc5 18. Ne4 Rxe4 19. Bxe4 Nf2 20. Qc4 Bb6 21. Re1 g4 22. Qc3 Nxe4 23. Qh8+ Ke7 24. Rxe4+ Be6 25. Qxa8 gxf3 26. dxe6 f5 27. Rxf4 fxg2 28. Bd2 g1=Q 29. Rxg1 Bxg1 30. Qc8 1-0